00544 a2200181 4500020001800000020001800018040001300036082001300049082001200062082001200074100001800086245007800104260003400182300003900216650005800255700002100313740002800334 a0-672-31573-4 a0-672-31141-0 aDLCbDLC a005.4469 a005.446 a005.4461 aNorton, Peter00aPeter Norton's Complete guide to Linux cPeter Norton and Arthur Griffith aNew Delhi :bTechmedia,c2000 axx, 921 p. :bill. ;c24cm.+e1CD. 4aLinux (Computer operating systems for microcomputers)1 aGriffith, Arthur0 aComplete guide to Linux